000 00736nam a2200169Ia 4500
003 GCL
008 140319s9999 xx 000 0 ara d
040 _aGCL /
_cGCL
082 0 4 _a962.4
_bع س
100 1 _aعبدالعزيز المهنا
245 1 0 _aالسودان وسط اللهب: دراسة صحفية ميدانية لموقف الحكومة السودانية من المشكلات الداخلية والازمات السياسسية والاقلية والدولية (1989 - 1994) /
_cعبدالعزيز المهنا
300 _a128 ص
490 _aالهيئة العامة للاستعلامات
_v0
650 0 4 _aالسودان
650 0 4 _aالسودان - تاريخ - العصر الحديث
942 _2ddc
_cBK
999 _c48030
_d48030